Reading in the workplace
Đã lưu trong:
| Príomhúdar: | |
|---|---|
| Formáid: | Leabhar |
| Foilsithe: |
Cincinnati, Ohio
South-Western
2000
Thomson Learning |
| Ábhair: | |
| Clibeanna: |
Cuir Clib Leis
Gan Chlibeanna, Bí ar an gcéad duine leis an taifead seo a chlibeáil!
|
| Thư viện lưu trữ: | Trung tâm Học liệu Lê Vũ Hùng, Trường Đại học Đồng Tháp |
|---|
| LEADER | 00775pam a22002418a 4500 | ||
|---|---|---|---|
| 001 | 00023537 | ||
| 005 | 20171026081022.0 | ||
| 008 | 110626s2000 ||||||Engsd | ||
| 020 | # | # | |a 053869016X |
| 041 | 0 | # | |a Eng |
| 082 | 1 | 4 | |a 658.3 |b R200A |
| 100 | 1 | # | |a Johnson, Holly |d 1956- |
| 245 | 1 | 0 | |a Reading in the workplace |c Holly Johnson |
| 260 | # | # | |a Cincinnati, Ohio |b South-Western |c 2000 |
| 260 | |b Thomson Learning | ||
| 300 | # | # | |a vi, 89 p. |b tranh ảnh |c 25 cm. |
| 650 | # | 4 | |a Kỹ năng công sở |
| 650 | # | 4 | |a Người lao động |
| 653 | # | # | |a Đào tạo |
| 852 | # | # | |b Kho đọc |j KD.0008192, KD.0008189 |
| 852 | # | # | |j KD.0008192 |j KD.0008189 |
| 910 | 0 | # | |a Ntuyet |d 26/06/2011 |
| 980 | # | # | |a Trung tâm Học liệu Lê Vũ Hùng, Trường Đại học Đồng Tháp |


